000 00570nam a2200193Ia 4500
005 20260114185832.0
008 008 260114s9999 xx 000 0 eng d
020 _a9780755694044
037 _aEBOOK
040 _aCRL
_beng
_cCRL
041 _aeng
_2eng
084 _qCRL
100 _aBen Campkin
_9874982
245 0 _aRemaking London Decline and Regeneration in Urban Culture
260 _bBloomsbury
_c2013
856 _uhttps://doi.org/10.5040/9780755694044?locatt=label:secondary_bloomsburyCollections
942 _cEBOOK
999 _c1473916
_d1473916